| 000 | 00751nam a2200253Ia 4500 | ||
|---|---|---|---|
| 001 | 18299 | ||
| 003 | GE_BSU | ||
| 008 | 181216s||||||||xx |||||||||||||| ||und|| | ||
| 020 | _a9789941114687 | ||
| 040 | _cGE_BSU | ||
| 080 | _a821.111(71)-31 | ||
| 100 | _aეტვუდი,მარგარეტ | ||
| 245 | _aბრმა მკვლელი | ||
| 245 | _b[რომანი] | ||
| 245 | _cრედ.ლ.ბაქრაძე., მთარგმნ.თ.ჯაფარიძე | ||
| 260 | _aთბილისი | ||
| 260 | _bდიოგენე | ||
| 260 | _c2014 | ||
| 300 | _a867გვ.20სმ. | ||
| 541 | _h12ლ.70თ. | ||
| 653 | _a[რომანი] | ||
| 653 | _aბრმა მკვლელი | ||
| 942 | _cBK | ||
| 999 |
_c51330 _d51330 |
||